[Event "23rd olm final"]
[Site "Buenos Aires"]
[Date "1978.11.06"]
[Round "11.4"]
[White "Nunn, John Denis Martin"]
[Black "Hoi, Carsten"]
[Result "1-0"]
[WhiteElo "2440"]
[BlackElo "2340"]
[EventDate "1978.10.25"]
[WhiteTeam "England"]
[BlackTeam "Denmark"]
[PlyCount "67"]

1.e4 g6 2.d4 Bg7 3.Nc3 d6 4.f4 Nf6 5.Nf3 O-O 6.Bd3 Nc6 7.O-O Bg4 8.e5 dxe5
9.dxe5 Nd5 10.h3 Nxc3 11.bxc3 Bf5 12.Be3 Qd7 13.Qe2 Rfd8 14.Rad1 Bxd3 15.
cxd3 Qd5 16.c4 Qa5 17.d4 e6 18.Ng5 Ne7 19.Ne4 b5 20.cxb5 Rab8 21.Rb1 Nd5
22.Bf2 h6 23.Bh4 Re8 24.Rb3 Qa4 25.Qb2 Bf8 26.Nf6+ Nxf6 27.Bxf6 Rb7 28.d5
Bc5+ 29.Kh1 exd5 30.f5 Qe4 31.Qc1 Bf8 32.Rf4 Qe2 33.fxg6 fxg6 34.Qb1 1-0

[Event "23rd olm final"]
[Site "Buenos Aires"]
[Date "1978.11.07"]
[Round "12.1"]
[White "Donoso Velasco, Pedro"]
[Black "Hamann, Svend"]
[Result "0-1"]
[WhiteElo "2425"]
[BlackElo "2470"]
[EventDate "1978.10.25"]
[WhiteTeam "Chile"]
[BlackTeam "Denmark"]
[PlyCount "78"]

1.e4 c5 2.Nf3 d6 3.d4 cxd4 4.Nxd4 Nf6 5.Nc3 a6 6.Be2 e6 7.O-O Be7 8.f4 Qc7
9.Kh1 Nc6 10.a4 Bd7 11.Nb3 O-O 12.Bf3 Nb4 13.a5 Bc6 14.Be3 d5 15.e5 Nd7
16.Nd4 b6 17.axb6 Nxb6 18.f5 Nc4 19.Bf4 Bc5 20.f6 g6 21.Nb3 Bb6 22.Qe1 Kh8
23.Qh4 Rg8 24.Qg5 Nxc2 25.Rac1 N2e3 26.Rfe1 Nf5 27.Ne4 dxe4 28.Bxe4 Bxe4
29.Rxe4 Rac8 30.Nd2 Nxd2 31.Bxd2 Qb7 32.Rce1 Rc2 33.Bc3 Qd5 34.Qg4 Rd8 35.
Qh3 Kg8 36.Rf4 Ne3 37.Rf3 h5 38.Rg3 Ng4 39.Rf3 Nf2+ 0-1

[Event "23rd olm final"]
[Site "Buenos Aires"]
[Date "1978.11.07"]
[Round "12.2"]
[White "Jakobsen, Ole"]
[Black "Frias Pablaza, Victor"]
[Result "1/2-1/2"]
[WhiteElo "2400"]
[BlackElo "2400"]
[EventDate "1978.10.25"]
[WhiteTeam "Denmark"]
[BlackTeam "Chile"]
[PlyCount "65"]

1.e4 c5 2.Nf3 e6 3.d4 cxd4 4.Nxd4 Nf6 5.Nc3 d6 6.Be2 a6 7.a4 Be7 8.O-O Nc6
9.Kh1 O-O 10.f4 Qc7 11.Be3 Re8 12.Nb3 b6 13.Bf3 Rb8 14.Qe2 Na5 15.Nd2 Bf8
16.Bf2 d5 17.exd5 Bb7 18.Bd4 Nxd5 19.Bxd5 exd5 20.Qg4 Nc4 21.Nxc4 Qxc4 22.
Rad1 Bc8 23.f5 Rb7 24.Rf4 Qc6 25.Qf3 Rd7 26.Rh4 Rd6 27.Qh3 h6 28.Qf3 Qd7
29.Rf4 Bb7 30.Rg4 Bc8 31.Rf4 Bb7 32.Rg4 Bc8 33.Rf4 1/2-1/2

[Event "23rd olm final"]
[Site "Buenos Aires"]
[Date "1978.11.07"]
[Round "12.3"]
[White "Morovic Fernandez, Ivan"]
[Black "Fedder, Steen"]
[Result "0-1"]
[WhiteElo "2275"]
[BlackElo "2400"]
[EventDate "1978.10.25"]
[WhiteTeam "Chile"]
[BlackTeam "Denmark"]
[PlyCount "80"]

1.e4 c5 2.Nf3 d6 3.d4 cxd4 4.Nxd4 Nf6 5.Nc3 a6 6.Be2 e6 7.O-O Nbd7 8.f4 b5
9.Bf3 Bb7 10.Re1 Rc8 11.a4 b4 12.Nd5 Rc4 13.Nf5 Qb8 14.Qd3 Rc8 15.Nxf6+
Nxf6 16.Nd4 Be7 17.Bd2 O-O 18.Rad1 Rfd8 19.Be3 Qc7 20.g4 d5 21.e5 Ne4 22.
Bxe4 dxe4 23.Qe2 Bc5 24.h3 h6 25.Qf2 Bxd4 26.Rxd4 Rxd4 27.Bxd4 Qxc2 28.
Qxc2 Rxc2 29.Rd1 Bd5 30.a5 e3 31.Bxe3 Rxb2 32.Rd2 Rb1+ 33.Kf2 Ra1 34.Bb6
Ra3 35.Rd4 Rf3+ 36.Ke2 b3 37.Kd2 Rf2+ 38.Kc3 Rc2+ 39.Kd3 Bc4+ 40.Ke3 b2
0-1

[Event "23rd olm final"]
[Site "Buenos Aires"]
[Date "1978.11.07"]
[Round "12.4"]
[White "Hoi, Carsten"]
[Black "Cifuentes Parada, Roberto"]
[Result "1-0"]
[WhiteElo "2340"]
[BlackElo "2325"]
[EventDate "1978.10.25"]
[WhiteTeam "Denmark"]
[BlackTeam "Chile"]
[PlyCount "82"]

1.d4 Nf6 2.c4 c5 3.d5 e6 4.Nc3 exd5 5.cxd5 d6 6.e4 g6 7.Nf3 Bg7 8.Bg5 h6
9.Bh4 O-O 10.Nd2 Na6 11.Be2 Nc7 12.a4 Rb8 13.O-O b6 14.f4 Re8 15.Kh1 Ba6
16.Bxa6 Nxa6 17.Nc4 g5 18.fxg5 Nxe4 19.Qf3 Nxg5 20.Bxg5 Qxg5 21.Nxd6 Re7
22.Nf5 Re5 23.Rad1 Rd8 24.d6 Nb4 25.g4 Kh8 26.d7 Qg6 27.Nd6 Rxd7 28.Nxf7+
Rxf7 29.Qxf7 Qc6+ 30.Qf3 Qe8 31.Rd2 Re6 32.Re2 Rxe2 33.Qxe2 Qxe2 34.Nxe2
Bxb2 35.Rf7 a6 36.Rb7 Nd5 37.Kg2 c4 38.Kf3 c3 39.Ke4 Nb4 40.Rxb6 a5 41.
Rxh6+ Kg7 1-0

[Event "23rd olm final"]
[Site "Buenos Aires"]
[Date "1978.11.08"]
[Round "13.2"]
[White "Ermenkov, Evgeny"]
[Black "Jakobsen, Ole"]
[Result "1/2-1/2"]
[WhiteElo "2520"]
[BlackElo "2400"]
[EventDate "1978.10.25"]
[WhiteTeam "Bulgaria"]
[BlackTeam "Denmark"]
[PlyCount "49"]

1.e4 c5 2.Nf3 e6 3.d4 cxd4 4.Nxd4 Nf6 5.Nc3 d6 6.Be2 Nc6 7.Be3 Be7 8.O-O
a6 9.f4 O-O 10.Qe1 Nxd4 11.Bxd4 b5 12.Bf3 Bb7 13.Rd1 Ne8 14.e5 Bxf3 15.
Rxf3 d5 16.g4 Rc8 17.f5 Bh4 18.Bf2 Bxf2+ 19.Qxf2 Qg5 20.Kh1 Rc6 21.fxe6
Rxe6 22.Rf5 Qxg4 23.Rd4 Qg6 24.Nxd5 f6 25.Rdf4 1/2-1/2

[Event "23rd olm final"]
[Site "Buenos Aires"]
[Date "1978.11.10"]
[Round "14.1"]
[White "Hamann, Svend"]
[Black "Hoelzl, Franz"]
[Result "1-0"]
[WhiteElo "2470"]
[BlackElo "2410"]
[EventDate "1978.10.25"]
[WhiteTeam "Denmark"]
[BlackTeam "Austria"]
[PlyCount "89"]

1.e4 Nf6 2.e5 Nd5 3.Nc3 Nxc3 4.bxc3 g6 5.f4 Bg7 6.Nf3 O-O 7.d4 c5 8.Bd3 d6
9.O-O dxe5 10.fxe5 Nc6 11.Be3 Qa5 12.Qe1 cxd4 13.cxd4 Qxe1 14.Rfxe1 Nb4
15.Be4 Bf5 16.Bxf5 gxf5 17.Rec1 b5 18.Bd2 Nd5 19.c4 bxc4 20.Rxc4 Rfc8 21.
Rac1 Rxc4 22.Rxc4 e6 23.Ra4 Kf8 24.Ng5 h6 25.Nh3 Ke8 26.Nf4 Nb6 27.Ra6 Kd7
28.Ba5 Nc8 29.Nh5 Bh8 30.Bd2 Ne7 31.Rd6+ Ke8 32.Bxh6 Rb8 33.Bg5 Rb6 34.
Rxb6 axb6 35.Bxe7 Kxe7 36.a4 Kd7 37.Kf2 Kc6 38.Ke3 b5 39.axb5+ Kxb5 40.Kd3
Kb4 41.h4 Kb3 42.Nf6 Kb4 43.h5 Kb5 44.h6 Kb6 45.h7 1-0